All Aircraft in the USA tech tree (War Thunder) - Statistics

General Stats
  • This quiz has been taken 87 times
    26 since last reset
  • The average score is 34 of 191
Answer Stats
Picture Answer % Correct
F/A-18A
100%
F/A-18C Early
100%
F/A-18C Late
100%
F/A-18E
100%
F-15E
65%
F-16A
65%
P-51
65%
F-15A
60%
F-117
55%
F-16C
55%
A-10A
50%
F-20A
50%
A-10C
45%
F-14B
40%
F-15C Golden Eagle
40%
AV-8A
35%
B-52H
35%
B-57A
35%
F-106A
35%
F-15C MSIP II
35%
A-10A Late
30%
A-6E TRAM
30%
AV-8C
30%
F-104A
30%
F-111A
30%
F-14A IRIAF
30%
F4U-4
30%
F-5A
30%
F-5C
30%
P-36A
30%
A-4B
25%
B-17E
25%
B-17E/L
25%
B-57B
25%
B-66B
25%
F-104C
25%
F-111F
25%
F-5E
25%
F6F-5
25%
F-89B
25%
F8U-2
25%
F9F-2
25%
P-400
25%
P-51A
25%
TBD-1
25%
XP-50
25%
A-1H
20%
A-36
20%
A-4E Early
20%
A-7E
20%
AV-8B (NA)
20%
B-29A-BN
20%
F-105D
20%
F-16A ADF
20%
F-4E Phantom II
20%
F6F-5N
20%
F-84F
20%
F-89D
20%
F8F-1
20%
F9F-5
20%
F9F-8
20%
P-38E
20%
P-51D-5
20%
P-59A
20%
SBD-3
20%
A2D-1
15%
A-7D
15%
A-7K
15%
AD-2
15%
AD-4
15%
AV-8B Plus
15%
B-18A
15%
B-34
15%
BF2C-1
15%
F-100D
15%
F-14A Early
15%
F3D-1
15%
F3F-2
15%
F3H-2
15%
F-4C Phantom II
15%
F4D-1
15%
F4F-4
15%
F-4J Phantom II
15%
F-4S Phantom II
15%
F7F-1
15%
F-80A-5
15%
F-86A-5
15%
F-86F-2
15%
F-8E
15%
FJ-4B
15%
P-36C
15%
P-36C
15%
P-36G
15%
SB2U-2
15%
XF5U-1
15%
XP-55
15%
A6M2
10%
AM-1
10%
AU-1
10%
B-10B
10%
B-26B
10%
BTD-1
10%
F11F-1
10%
F-16CM PoBIT
10%
F2A-1
10%
F2A-3
10%
F2G-1
10%
F4F-3
10%
F4U-1A
10%
F4U-4B
10%
F7F-3
10%
F-80C-10
10%
F-82E
10%
F-84B-26
10%
F-86F-25
10%
F8F-1B
10%
Fw 190 A-8
10%
Galer's F3F-2
10%
P-47D-25
10%
P-47D-28
10%
P-51C-10
10%
P-51D-10
10%
P-51D-30
10%
P-51H-5-NA
10%
P-63A-10
10%
P-63A-5
10%
PB4Y-2
10%
SB2U-3
10%
TBF-1C
10%
XF5F
10%
XP-38G
10%
A-20G-25
5%
A-26B-10
5%
A-26B-50
5%
A-26C-45
5%
A-26C-45DT
5%
B-17G-60-VE
5%
B-24D-25-CO
5%
B-25J-1
5%
Bf 109 F-4
5%
Bong's P-38J-15
5%
F2H-2
5%
F4U-1A (USMC)
5%
F4U-1C
5%
F4U-1D
5%
F4U-4B VMF-214
5%
F-84G-21-RE
5%
F-86F-35
5%
FJ-4B VMF-232
5%
Ki-43-II
5%
Ki-61-Ib
5%
Kingcobra
5%
OS2U-1
5%
OS2U-3
5%
P-26A-33
5%
P-26A-34
5%
P-26A-34 M2
5%
P-38G-1
5%
P-38J-15
5%
P-38K
5%
P-38L-5-LO
5%
P-39N-0
5%
P-39Q-5
5%
P-40C
5%
P-40E-1
5%
P-40E-1 TD
5%
P-40F-10
5%
P-43A-1
5%
P-47D-22-RE
5%
P-47M-1-RE
5%
P-47M-1-RE
5%
P-47N-15
5%
P-51D-20-NA
5%
P-61A-11
5%
P-61C-1
5%
P-63C-5
5%
PBJ-1H
5%
PBJ-1J
5%
PBM-1 "Mariner"
5%
PBM-3 "Mariner"
5%
PBM-5A "Mariner"
5%
PBY-5A Catalina
5%
PBY-5 Catalina
5%
PV-2D
5%
Rasmussen's P-36A
5%
SB2C-1C
5%
SB2C-4
5%
Spitfire LF Mk IXc
5%
Thach's F2A-1
5%
XA-38
5%
YP-38
5%
No matching quizzes found
Score Distribution
Percent of People with Each Score
Percentile by Number Answered
Your Score History
You have not taken this quiz since the last reset